00478nam a2200193 a 4500001001300000003000900013005001700022008004100039020000800080082001300088100002200101245003000123260003900153300000800192500003500200505001000235650001700245700002200262nice12345678IN_TiNIC20260116011438.0050524s1962 boma grp 000 0 eng  ac000a232bBAL aBall, Travers Ian aWhat Think You of Christ. aBombaybSt.Paul Publicationsc1962 a78p aincludes index and biblioraphy2 aIndex aJesus Christ1 aBall, Travers Ian